00934nam a22002297a 450000500170000000800410001701700750005802000180013304000130015108200250016410000370018924500970022625000080032326000840033130000490041565000320046465000320049665000320052894200120056099900170057295201150058920240530110608.0160217s2012 ku aek g 000 0 ara d a2011/4/1315bالكويت . دائرة المكتبة الوطنية a9789957171353 aEG-CaGPL04221a515.3 \bأ ط0 aابوبكر احمد السيد12aالطرق العددية و التحليل العددى /cابوبكر احمد السيد aط1 aالكويت :bمكتبة الفلاح للنشر و التوزيع ،c2012 . a439 ص :bايض ؛c24 سم +eملاحق .40aالتحليل العددى40aالتكامل العددى40aالتفاضل العددى 2ddccBK c62797d62797 00104070aCAIbCAIcMAIN-LIBRARYd2016-11-09l0o515.3\ أ طp162660r2016-11-09 00:00:00w2016-11-09yBK